000 00956nam a22002057a 4500
999 _c58959
_d58959
003 Ge_BSU
005 20221024162719.0
008 221024s1999 ge ||||| |||| 00| 0 geo d
041 _ageo
080 _a327.2(075.8) დ-87
100 _aდუგინი, ალ.
_915495
245 _aგეოპოლიტიკის საფუძვლები. რუსეთის გეოპოლიტიკური მომავალი :
_b[სახელმძღვ. /
_cწიგნზე მუშაობდნენ: თენგიზ ბინიაშვილი და სხვ.].
264 _aთბილისი :
_bმთაწმინდელი,
_c1999.
300 _a449 გვ. ;
_b20 სმ.
653 _aგეოპოლიტიკა
653 _aრუსეთის გეოპოლიტიკა
653 _aდუალიზმი
653 _aმონდიალიზმი
942 _2udc
_cBK